[Event "AUTO-ELITE-1743"]
[Site "http://www.queenalice.com/game.php?id=1445024"]
[Date "2016.10.10"]
[Round "1"]
[White "hune"]
[Black "Norfair"]
[Result "0-1"]
[WhiteElo "2227"]
[BlackElo "2681"]

1. e4 e5 2. Nf3 Nc6 3. Bb5 Nf6 4. O-O Nxe4 5. d4 Nd6 6. Bxc6 dxc6 7. dxe5 Nf5 8.
Qxd8+ Kxd8 9. h3 Ke8 10. Nc3 h5 11. Bf4 Be7 12. Rad1 Be6 13. Ng5 Rh6 14. Nxe6
Rxe6 15. Rfe1 g5 16. Bc1 Rd8 17. Rxd8+ Kxd8 18. Re4 Kd7 19. Kf1 c5 20. Bd2 Kc6
21. Ne2 f6 22. Bc3 b5 23. g4 hxg4 24. hxg4 Nh6 25. f3 f5 26. gxf5 Nxf5 27. b3
Rh6 28. a4 b4 29. Be1 Rh1+ 30. Kf2 Kd5 31. Bd2 Nh4 32. Bc1 Rh2+ 33. Ke3 Nf5+ 34.
Kd3 Rf2 35. f4 g4 36. c3 Rf3+ 37. Be3 bxc3 38. Nxc3+ Ke6 39. Nb5 Bd8 40. Nxa7
Bh4 41. Nc6 g3 42. Kc4 Nxe3+ 43. Kxc5 Kf5 44. Rc4 Nxc4 45. Nd4+ Kxf4 46. Kxc4
Rf2 47. Kd5 g2 48. Nb5 g1=Q 49. Nxc7 Rd2+ 0-1

[Event "AUTO-ELITE-1743"]
[Site "http://www.queenalice.com/game.php?id=1445029"]
[Date "2016.10.10"]
[Round "1"]
[White "kookaburra"]
[Black "hune"]
[Result "0-1"]
[WhiteElo "2314"]
[BlackElo "2212"]

1. c4 Nf6 2. Nc3 e5 3. g3 c6 4. Bg2 d5 5. cxd5 cxd5 6. Qb3 Nc6 7. Nxd5 Nd4 8.
Nxf6+ Qxf6 9. Qd1 Bf5 10. d3 Rc8 11. Kf1 Bc5 12. Nf3 O-O 13. Bg5 Qe6 14. Nxd4
Bxd4 15. Bxb7 Rc7 16. Bf3 Bh3+ 17. Kg1 Bxb2 18. Rb1 Qxa2 19. Bg2 Bg4 20. h3 Bxe2
21. Qxe2 Qxb1+ 22. Kh2 Qc2 23. Qf3 h6 24. Be3 Qxd3 25. Rd1 Qb3 26. Rd5 f5 27.
Qh5 Qb4 28. Qg6 f4 29. gxf4 exf4 30. Bd2 Qb6 31. Qxb6 axb6 32. Bf3 Bc3 33. Bc1
Be1 34. Ba3 Re8 35. Bd6 Rc2 36. Bxf4 Rxf2+ 37. Kg3 g5 0-1

[Event "AUTO-ELITE-1743"]
[Site "http://www.queenalice.com/game.php?id=1445030"]
[Date "2016.10.10"]
[Round "1"]
[White "hune"]
[Black "kookaburra"]
[Result "1/2-1/2"]
[WhiteElo "2225"]
[BlackElo "2270"]

1. d4 Nf6 2. Bf4 d5 3. e3 e6 4. Nf3 Bd6 5. Nbd2 O-O 6. Bd3 Bxf4 7. exf4 Nbd7 8.
Ne5 c5 9. c3 cxd4 10. cxd4 Ne8 11. Rc1 Nd6 12. O-O Nf6 13. Re1 Qb6 14. Nb3 Bd7
15. Nxd7 Nxd7 16. f5 exf5 17. Qf3 Nf6 18. Re5 a5 19. Qf4 Rac8 20. Rxc8 Rxc8 21.
Bxf5 Nxf5 22. Qxf5 Rc7 23. Qb1 g6 24. g4 Nxg4 25. Re8+ Kg7 26. Qd3 Qf6 27. Qd2
b6 28. h3 Nh6 29. Nc1 Nf5 30. Ne2 Nh4 31. Qd3 Nf3+ 32. Kf1 Ng5 33. Qa3 Ne6 34.
Qd3 Nf4 35. Qg3 g5 36. h4 h6 37. hxg5 hxg5 38. Re5 Ng6 39. Rxg5 Rc2 40. Nf4 Kh6
41. Rh5+ Kg7 42. Nxg6 fxg6 43. Rxd5 Qc6 44. Qe5+ Kf7 45. Qe4 Rc1+ 46. Ke2 Qc2+
47. Kf3 Qxe4+ 48. Kxe4 Rc2 49. Rb5 Rxf2 50. Rxb6 g5 51. Ke3 Rf5 52. Rb7+ Ke6 53.
Rb6+ Kd7 54. b3 g4 55. Rg6 Rf3+ 56. Ke4 Rf2 57. Rxg4 Rxa2 58. Rg6 Ra3 59. Rg3 a4
60. Rg7+ Kd6 61. bxa4 Rxa4 62. Rg6+ Ke7 63. Ke5 Ra1 64. Rg7+ Kd8 65. d5 Ra6 66.
Rb7 Rh6 67. Rg7 Ke8 68. Rb7 Kd8 69. Rg7 Ke8 70. d6 Rh1 71. Rc7 Kd8 72. Rg7 Re1+
73. Kd4 Rd1+ 74. Kc5 Rc1+ 75. Kd4 Rd1+ 76. Ke5 Re1+ 77. Kd4 Rd1+ 78. Kc5 Rc1+
79. Kd5 Rd1+ 80. Ke6 Re1+ 81. Kf5 Rf1+ 82. Ke4 Re1+ 83. Kf3 Rd1 84. Rg8+ Kd7 85.
Ke3 Rxd6 1/2-1/2

[Event "AUTO-ELITE-1833"]
[Site "http://www.queenalice.com/game.php?id=1478677"]
[Date "2017.5.18"]
[Round "1"]
[White "hune"]
[Black "Sexxy_Bunny"]
[Result "0-1"]
[WhiteElo "2226"]
[BlackElo "2711"]

1. e4 c5 2. Nf3 d6 3. Bb5+ Bd7 4. Bxd7+ Qxd7 5. c4 Nc6 6. Nc3 g6 7. d4 cxd4 8.
Nxd4 Bg7 9. Qc2 Nxd4 10. Qd3 Nc6 11. O-O Ne5 12. Qe2 Rc8 13. c5 dxc5 14. Rd1 Qe6
15. Qb5+ Qc6 16. Qxc6+ Nxc6 17. Rd3 Bd4 18. Bf4 Nf6 19. Re1 O-O 20. Nd5 Nxd5 21.
exd5 Nb4 22. Ra3 Nc2 23. Rxe7 Rfe8 24. Rxe8+ Rxe8 25. h4 Nxa3 26. bxa3 Re1+ 27.
Kh2 Be5 28. Kg3 Bxf4+ 29. Kxf4 c4 30. d6 c3 31. d7 Rd1 32. Ke3 c2 33. d8=Q+ Rxd8
0-1

[Event "AUTO-ELITE-1833"]
[Site "http://www.queenalice.com/game.php?id=1478678"]
[Date "2017.5.18"]
[Round "1"]
[White "Sexxy_Bunny"]
[Black "hune"]
[Result "1-0"]
[WhiteElo "2705"]
[BlackElo "2222"]

1. e4 c5 2. Nf3 d6 3. d4 cxd4 4. Nxd4 Nf6 5. Nc3 a6 6. Bg5 e6 7. f4 Qc7 8. Bxf6
gxf6 9. Qd2 Nc6 10. O-O-O Bd7 11. Kb1 Nxd4 12. Qxd4 Be7 13. Be2 h5 14. Rhf1 Qc5
15. Qd2 b5 16. Bf3 Rc8 17. Ne2 h4 18. Nd4 b4 19. Rfe1 a5 20. e5 fxe5 21. fxe5
dxe5 22. Nb3 Qc7 23. Rxe5 a4 24. Nc1 a3 25. b3 h3 26. g3 Bf6 27. Re4 Bb5 28. Be2
Bc6 29. Rd4 Bxd4 30. Qxd4 Rh6 31. Qxb4 Rf6 32. Qxa3 Rf2 33. Qc5 Rxh2 34. Qd4 Bd5
35. Bc4 Ra8 36. Rf1 Ke7 37. Qf6+ Kd6 38. Qf4+ Kc6 39. Bxd5+ exd5 40. Qb4 Rb8 41.
Qd4 Re8 42. Rf5 Rd8 43. Nd3 Rh1+ 44. Kb2 h2 45. Rf6+ Rd6 46. Rxf7 Qb6 47. Ne5+
Kb5 48. Qa4+ 1-0

[Event "AUTO-ELITE-1833"]
[Site "http://www.queenalice.com/game.php?id=1478679"]
[Date "2017.5.18"]
[Round "1"]
[White "hune"]
[Black "FabioDavid"]
[Result "0-1"]
[WhiteElo "2225"]
[BlackElo "2510"]

1. e4 e6 2. d4 d5 3. Nd2 dxe4 4. Nxe4 Nd7 5. Nf3 Ngf6 6. Bd3 Be7 7. Nxf6+ Bxf6
8. O-O O-O 9. c3 c5 10. Qc2 g6 11. Bf4 cxd4 12. cxd4 Nb6 13. Be4 Nd5 14. Be5
Bxe5 15. dxe5 Bd7 16. Qd2 Qe7 17. Bxd5 exd5 18. Rfe1 Rfd8 19. Rac1 Rac8 20. Rxc8
Rxc8 21. Qxd5 Bc6 22. Qc4 Rc7 23. Rc1 Rd7 24. Kf1 Rd5 25. a4 Qd7 26. Qc2 Bxa4
27. Qc8+ Kg7 28. Qxd7 Rxd7 29. Ke2 Bc6 30. Ra1 Bxf3+ 31. Kxf3 a6 32. Re1 Rd2 33.
Re2 Rxe2 34. Kxe2 f6 35. Kd3 fxe5 36. Kc4 Kf6 37. Kc5 e4 38. Kb6 Ke5 39. b4 Kd5
40. Kxb7 Kc4 41. Kxa6 Kxb4 42. Kb6 Kc4 43. Kc6 Kd3 44. Kd5 Ke2 45. Kxe4 Kxf2 46.
g4 Kg2 47. Kf4 Kxh2 48. Kg5 Kh3 49. Kh6 Kxg4 50. Kxh7 g5 51. Kg6 Kf4 52. Kh5 g4
53. Kh4 Kf3 54. Kh5 g3 55. Kh4 g2 56. Kh3 g1=Q 0-1

[Event "AUTO-ELITE-1833"]
[Site "http://www.queenalice.com/game.php?id=1478680"]
[Date "2017.5.18"]
[Round "1"]
[White "FabioDavid"]
[Black "hune"]
[Result "1-0"]
[WhiteElo "2541"]
[BlackElo "2221"]

1. b3 e5 2. Bb2 Nc6 3. e3 Nf6 4. Bb5 Bd6 5. Na3 e4 6. Nc4 Be7 7. Bxc6 bxc6 8.
Ne2 O-O 9. O-O Ba6 10. d3 Rb8 11. Ng3 exd3 12. cxd3 Re8 13. Rc1 Bf8 14. Qf3 Nd5
15. Rfd1 Re6 16. Nf5 Nb4 17. a3 Nd5 18. b4 g6 19. e4 Nb6 20. Nd4 Rf6 21. Qg3 Bh6
22. Rc2 Nxc4 23. dxc4 Bf4 24. Qh4 Be5 25. Qg5 Qe8 26. c5 Rc8 27. Rcd2 d5 28.
cxd6 cxd6 29. Nf5 Bxb2 30. Rxb2 Qe5 31. Rbd2 Re8 32. h4 d5 33. Rd4 Rxf5 34. exf5
Qxf5 35. Qxf5 gxf5 36. Rf4 Re5 37. Rc1 Bb5 38. Kh2 Kg7 39. Kg3 Kf6 40. Rc3 Ke6
41. Re3 h5 42. Rd4 Re4 43. Rdxe4+ fxe4 44. Kf4 a6 45. Rg3 Bc4 46. Rg5 Bf1 47. g3
Be2 48. Rg8 Bf3 49. Ra8 Be2 50. Ke3 Bc4 51. Rh8 Ke5 52. Rxh5+ f5 53. Rh8 d4+ 54.
Kd2 f4 55. Rh5+ Kf6 56. gxf4 Kg6 57. Rc5 Bd5 58. Rxd5 cxd5 59. a4 d3 60. b5 axb5
61. axb5 Kf5 62. b6 Kxf4 63. b7 Kg4 64. b8=Q Kxh4 65. Qd8+ Kg4 66. Qxd5 Kf3 67.
Qf5+ Kg2 68. Qxe4+ Kxf2 69. Qxd3 1-0

[Event "AUTO-ELITE-1901"]
[Site "http://www.queenalice.com/game.php?id=1503461"]
[Date "2017.11.13"]
[Round "1"]
[White "TheWatcher"]
[Black "hune"]
[Result "0-1"]
[WhiteElo "2228"]
[BlackElo "2233"]

1. e4 c5 2. Nf3 d6 3. d4 cxd4 4. Nxd4 Nf6 5. Nc3 a6 6. Bc4 e6 7. Bb3 b5 8. Qe2
Be7 9. Bg5 O-O 10. O-O-O Nfd7 11. Bxe7 Qxe7 12. Rhe1 Bb7 13. f4 Nc5 14. Kb1 b4
15. Nd5 exd5 16. Nf5 Qc7 17. Qg4 g6 18. Nh6+ Kg7 19. f5 Nxe4 20. f6+ Nxf6 21.
Nf5+ Kh8 22. Qd4 Nd7 23. Nh6 Kg7 24. g4 Ne5 25. g5 Ne4 26. Qe3 f6 27. Rg1 fxg5
28. Rxd5 Nf3 29. Ng4 Bxd5 30. Bxd5 Rae8 31. Kc1 Nxg1 0-1

[Event "AUTO-ELITE-1901"]
[Site "http://www.queenalice.com/game.php?id=1503462"]
[Date "2017.11.13"]
[Round "1"]
[White "hune"]
[Black "TheWatcher"]
[Result "1-0"]
[WhiteElo "2219"]
[BlackElo "2283"]

1. e4 g5 2. d4 h6 3. Nc3 Bg7 4. Be3 d6 5. Bc4 e6 6. h4 gxh4 7. Qh5 Nf6 8. Qxh4
c6 9. Nf3 Nbd7 10. O-O-O Nb6 11. Be2 Qe7 12. Qg3 Qf8 13. Bf4 d5 14. Nd2 dxe4 15.
Ndxe4 Nxe4 16. Nxe4 Nd5 17. Bd6 Qg8 18. c4 Nf6 19. Qh4 Bd7 20. Nxf6+ 1-0

[Event "AUTO-ELITE-1901"]
[Site "http://www.queenalice.com/game.php?id=1503467"]
[Date "2017.11.13"]
[Round "1"]
[White "ArmandoFda"]
[Black "hune"]
[Result "1-0"]
[WhiteElo "2541"]
[BlackElo "2245"]

1. e4 c5 2. Nf3 d6 3. Bb5+ Bd7 4. Bxd7+ Qxd7 5. c4 e5 6. d3 g6 7. h4 h5 8. Nc3
Be7 9. Rb1 Nc6 10. a3 Nf6 11. b4 O-O 12. Bh6 Rfe8 13. Bg5 Ng4 14. O-O Bxg5 15.
hxg5 Rad8 16. Nd5 Ne7 17. bxc5 Nxd5 18. cxd5 dxc5 19. Qd2 f5 20. gxf6 b6 21. Ng5
Nxf6 22. f4 Ng4 23. f5 gxf5 24. Rxf5 Rf8 25. Rbf1 Rxf5 26. Rxf5 Nh6 27. Ne6 Nxf5
28. exf5 Rc8 29. Qg5+ Kh7 30. Qxh5+ Kg8 31. f6 Qf7 32. Qg4+ Kh8 33. Ng5 Qxf6 34.
Qxc8+ Kg7 35. Ne6+ Kh7 36. d6 Kh6 37. d7 e4 38. d8=Q 1-0

[Event "AUTO-ELITE-1901"]
[Site "http://www.queenalice.com/game.php?id=1503468"]
[Date "2017.11.13"]
[Round "1"]
[White "hune"]
[Black "ArmandoFda"]
[Result "0-1"]
[WhiteElo "2242"]
[BlackElo "2588"]

1. d4 d5 2. c4 e6 3. Nc3 Bb4 4. e3 Nf6 5. a3 Bxc3+ 6. bxc3 c5 7. cxd5 exd5 8. f3
O-O 9. Bd3 b6 10. Ra2 Ba6 11. Nh3 Bxd3 12. Qxd3 Nc6 13. O-O Qd7 14. Re2 Rac8 15.
Nf4 Rfe8 16. Rfe1 h6 17. Bb2 Qd6 18. Qf5 Na5 19. e4 dxe4 20. fxe4 Qd7 21. Qxd7
Nxd7 22. g4 Nc4 23. Bc1 b5 24. Nd5 Ndb6 25. Nxb6 axb6 26. Kf2 Ra8 27. d5 f6 28.
h4 g5 29. Kg3 Kg7 30. hxg5 hxg5 31. Rh2 Ne5 32. Reh1 Nf7 33. Kf3 Ra4 34. Re2 Kg6
35. Ree1 Nd6 36. Re2 Rexe4 37. Rxe4 Rxe4 38. Rd1 Rc4 39. Bd2 Nf7 40. Kg3 Ne5 41.
Kf2 Rxg4 42. Bc1 Kf7 43. Rh1 Ke7 44. Rh8 f5 45. Ke3 Rg1 46. Bd2 Rg2 47. Bc1 Rc2
48. Rh1 Kd6 49. Rd1 Rxc3+ 50. Ke2 f4 51. Rh1 Kxd5 52. Rd1+ Ke4 53. Rg1 g4 54.
Kd1 g3 55. Bb2 Rd3+ 56. Kc2 Nf3 57. Rh1 g2 58. Rc1 Re3 59. Bc3 Re2+ 60. Kb1 Ne1
61. Rxe1 Rxe1+ 62. Bxe1 g1=Q 0-1

[Event "AUTO-ELITE-1972"]
[Site "http://www.queenalice.com/game.php?id=1524330"]
[Date "2018.4.20"]
[Round "1"]
[White "Kuarwaki"]
[Black "hune"]
[Result "1-0"]
[WhiteElo "2741"]
[BlackElo "2240"]

1. d4 Nf6 2. c4 e6 3. Nc3 Bb4 4. e3 O-O 5. Bd3 d5 6. Nf3 c5 7. cxd5 exd5 8. dxc5
Bg4 9. O-O Nbd7 10. Be2 Nxc5 11. Bd2 Nfe4 12. Nxe4 dxe4 13. Bxb4 exf3 14. Qxd8
fxe2 15. Qd4 exf1=Q+ 16. Kxf1 Be6 17. Bxc5 Rfd8 18. Qe4 b6 19. Bd4 Rd5 20. Rc1
Rad8 21. Rc7 Ra5 22. Bxg7 Kxg7 23. Qxe6 Rf8 24. Qg4+ Kh8 25. a3 Rc5 26. Qd4+ Kg8
27. Rxc5 bxc5 28. Qxc5 Rb8 29. b4 Ra8 30. a4 a6 31. Qc6 Ra7 32. Qd5 h5 33. Qg5+
Kh7 34. Qxh5+ Kg7 35. Qg5+ 1-0

[Event "AUTO-ELITE-1972"]
[Site "http://www.queenalice.com/game.php?id=1524331"]
[Date "2018.4.20"]
[Round "1"]
[White "hune"]
[Black "Kuarwaki"]
[Result "0-1"]
[WhiteElo "2239"]
[BlackElo "2742"]

1. e4 e5 2. Nf3 Nc6 3. Bc4 Bc5 4. O-O Nf6 5. d3 d6 6. c3 a5 7. Bg5 h6 8. Bh4 g5
9. Bg3 O-O 10. a4 Nh7 11. d4 exd4 12. cxd4 Bb6 13. h4 g4 14. Nh2 Nf6 15. d5 Ne5
16. Bxe5 dxe5 17. Qd3 Nh5 18. g3 f5 19. Nc3 f4 20. Kh1 Kh7 21. Bb5 Bxf2 22. Rxf2
Nxg3+ 23. Kg1 Nh5 24. Rd2 f3 25. Rad1 c6 26. dxc6 Qb6+ 27. Rf2 g3 28. Qd2 bxc6
29. Bc4 Rf4 30. Nxf3 Rxf3 31. Rf1 Bg4 32. Nd1 gxf2+ 33. Nxf2 Rd8 34. Qc1 Nf4 0-1

[Event "AUTO-ELITE-1972"]
[Site "http://www.queenalice.com/game.php?id=1524336"]
[Date "2018.4.20"]
[Round "1"]
[White "ichtus"]
[Black "hune"]
[Result "1-0"]
[WhiteElo "2657"]
[BlackElo "2238"]

1. Nf3 Nf6 2. g3 g6 3. Bg2 Bg7 4. O-O O-O 5. d3 d5 6. Nbd2 c5 7. e4 Nc6 8. Re1
a5 9. exd5 Nxd5 10. a4 e5 11. Nc4 f6 12. Nfd2 Ncb4 13. Nb3 Qc7 14. c3 Rd8 15.
cxb4 Nxb4 16. Bd2 Nxd3 17. Bxa5 Rxa5 18. Nbxa5 Nxe1 19. Qxe1 Rd4 20. Nb3 Rd3 21.
Qa5 Qd7 22. Nxc5 Rd1+ 23. Bf1 Qd5 24. Rxd1 Qxd1 25. Qa8 Bh6 26. Qxc8+ Kg7 27.
Qxb7+ Kg8 28. Qc8+ Kg7 29. Qd7+ Qxd7 30. Nxd7 Kf7 31. a5 1-0

[Event "AUTO-ELITE-1972"]
[Site "http://www.queenalice.com/game.php?id=1524337"]
[Date "2018.4.20"]
[Round "1"]
[White "hune"]
[Black "ichtus"]
[Result "0-1"]
[WhiteElo "2237"]
[BlackElo "2658"]

1. e4 c5 2. Nf3 d6 3. d4 cxd4 4. Nxd4 Nf6 5. Nc3 g6 6. Be2 Bg7 7. O-O O-O 8. Re1
Nc6 9. Nb3 a6 10. Bf1 Bd7 11. Nd5 b5 12. a4 Nxd5 13. axb5 axb5 14. Rxa8 Qxa8 15.
exd5 Ne5 16. Bf4 Re8 17. Bc1 Bg4 18. Be2 Bxe2 19. Rxe2 Nc4 20. Qd3 Bf6 21. f4
Rc8 22. f5 Qa2 23. Nd4 Qb1 24. Nb3 Bxb2 25. Re1 Ne5 26. fxg6 Nxd3 27. cxd3 Bxc1
28. gxf7+ Kxf7 29. Nxc1 Rxc1 30. Rxc1 Qxc1+ 0-1

[Event "AUTO-ELITE-2015"]
[Site "http://www.queenalice.com/game.php?id=1537298"]
[Date "2018.8.2"]
[Round "1"]
[White "preza"]
[Black "hune"]
[Result "1/2-1/2"]
[WhiteElo "2310"]
[BlackElo "2237"]

1. e4 e6 2. Qe2 Nc6 3. Nf3 Nf6 4. Nc3 Bc5 5. e5 Nd5 6. Qd1 Nxc3 7. dxc3 O-O 8.
Bg5 Be7 9. Bxe7 Qxe7 10. Bd3 d6 11. Qe2 d5 12. O-O Bd7 13. a4 f6 14. Rfe1 Rae8
15. a5 a6 16. c4 Qc5 17. exf6 Rxf6 18. c3 Rh6 19. Qe3 Qd6 20. Ne5 Rf8 21. Qg3
Nxe5 22. Qxe5 Qc6 23. Re3 Rf7 24. b4 Bc8 25. Qd4 Rhf6 26. cxd5 exd5 27. Rae1 Be6
28. Re5 Qd6 29. Qa7 Qc6 30. c4 dxc4 31. Be4 Qd6 32. Bxb7 Qxb4 33. h4 c6 34. Rxe6
Rxb7 35. Qxa6 Rbf7 36. R1e2 Qa4 37. Rxf6 Rxf6 38. Qc8+ Rf8 39. Re8 Qd1+ 40. Kh2
Qd6+ 41. g3 c3 42. f4 g6 43. a6 Rxe8 44. Qxe8+ Kg7 45. a7 Qc5 46. Qe5+ Qxe5 47.
fxe5 c2 48. a8=Q c1=Q 49. Qb7+ Kh6 50. Qb4 c5 51. Qe4 Kg7 52. e6 Qd2+ 53. Kh3
Kf6 54. Qb7 Kxe6 55. Qxh7 Qd3 56. Qg8+ Kd7 57. Qg7+ Kc6 58. Qf6+ Qd6 59. Qf3+
Kb6 60. Qb3+ Kc7 61. g4 Qf4 62. Qg3 Qd6 63. Qxd6+ Kxd6 64. h5 gxh5 65. gxh5 Ke5
66. Kg4 Kf6 67. Kf4 c4 68. Ke4 Kg5 69. Kd4 Kxh5 70. Kxc4 Kg4 71. Kd3 1/2-1/2

[Event "AUTO-ELITE-2015"]
[Site "http://www.queenalice.com/game.php?id=1537299"]
[Date "2018.8.2"]
[Round "1"]
[White "hune"]
[Black "preza"]
[Result "1/2-1/2"]
[WhiteElo "2239"]
[BlackElo "2308"]

1. e4 e6 2. Nc3 c5 3. Nf3 Nc6 4. d4 cxd4 5. Nxd4 Qc7 6. Nxc6 dxc6 7. Bg5 Be7 8.
Bxe7 Nxe7 9. Qd2 e5 10. Bc4 O-O 11. O-O a5 12. a4 Ng6 13. Qg5 Nf4 14. Rfd1 Be6
15. Bxe6 Nxe6 16. Qg3 Rfd8 17. Ne2 Rd6 18. Rxd6 Qxd6 19. Nc3 Rd8 20. Qe3 Qb4 21.
Rb1 Rd4 22. b3 Rd8 23. Re1 Nd4 24. Qd3 Qa3 25. Ne2 Ne6 26. Qc3 Qc5 27. Kf1 Qxc3
28. Nxc3 Rd2 29. Re2 Rd4 30. f3 Kf8 31. Ke1 Nf4 32. Rf2 h5 33. Nb1 b5 34. Nc3
bxa4 35. Nxa4 Ke7 36. Nb2 f6 37. g3 Ne6 38. Re2 Rd8 39. Rf2 Nd4 40. f4 exf4 41.
gxf4 Nb5 42. Ke2 Nc3+ 43. Kf3 Nd1 44. Nxd1 Rxd1 45. Ke3 Ra1 46. Kd4 Ke6 47. Kc5
a4 48. bxa4 Rxa4 49. c4 g5 50. fxg5 fxg5 51. Rf5 h4 52. Kd4 g4 53. Rg5 Ra2 54.
Rxg4 Rd2+ 55. Kc5 h3 56. Rh4 Rxh2 57. Kxc6 Kf6 58. c5 Rh1 59. Kc7 h2 60. Rh6+
Kg5 61. Rh8 Kf4 62. c6 Kxe4 63. Kc8 Rc1 64. c7 h1=Q 65. Rxh1 Rxh1 66. Kd7 Rh7+
67. Kd8 Rh8+ 68. Kd7 Ra8 69. c8=Q Rxc8 70. Kxc8 Kd4 1/2-1/2